000 00542nam a22001937a 4500
003 OSt
005 20140310182757.0
008 130208t xxu||||| |||| 00| 0 eng d
020 _a9814040959
050 _aHD 57.7
_b.K35 1999
100 _aKakabadse, Andrew
245 _aEssence of leadership /
_cAndrew Kakabadse and Nada Kakabadse.
260 _aLondon:
_bInternational Thomson Business Press,
_c1999.
300 _ax, 486 p. :
_bill. ;
_c24 cm.
521 _aBSBA
650 _aLeadership
942 _2lcc
_cBK
_kFOR
999 _c15886
_d15886